Medzidruhové navrhovanie

Salvato in:
Dettagli Bibliografici
Autore principale: Trup, Adam (Autore)
Altri autori: Varga, Jaroslav (Relatore della tesi)
Natura: Manoscritto Libro
Lingua:slovacco
Pubblicazione: 2024
Soggetti:
Accesso online:http://is.stuba.sk/zp/portal_zp.pl?podrobnosti=178925
Tags: Aggiungi Tag
Nessun Tag, puoi essere il primo ad aggiungerne!!

MARC

LEADER 00000ntm a22000003a 4500
001 stuzp99190
003 SK-STU
005 20240608212929.4
007 ta
008 150427s2015----xo-----f-mn---000-0-slo-d
040 |a STU  |b slo 
041 0 |a slo 
100 1 |a Trup, Adam  |u 059190  |4 aut  |U FAD Fakulta architektúry a dizajnu  |T FAD Ústav dizajnu  |X 99369  |U A9190  |Y 400  |7 99369 
242 0 1 |a Interspecies design  |y eng 
245 1 0 |a Medzidruhové navrhovanie 
260 |c 2024 
650 4 |a dutinové hniezdenie  |2 slo 
650 4 |a biodiverzita  |2 slo 
650 4 |a vtáctvo  |2 slo 
650 4 |a birds  |2 eng 
650 4 |a cavity-nesting  |2 eng 
650 4 |a biodiversity  |2 eng 
700 1 |a Varga, Jaroslav  |k Z2  |4 ths  |X 114687  |7 114687 
856 4 |u http://is.stuba.sk/zp/portal_zp.pl?podrobnosti=178925